| 000 | 00903cam a2200253 4500 | ||
|---|---|---|---|
| 001 | WB3612-10 | ||
| 008 | 000000n2000 000 0 eng u | ||
| 035 | _a(Sirsi) u104894 | ||
| 245 | _aNew threshold for business blight claims | ||
| 260 | _c2000 | ||
| 490 |
_aDETR News Release _v (175) 10 March 2000 (2) |
||
| 520 | _aFrom 1 April 2000, the annual rv limit at or below which business are eligible to serve a blight notice, is to be increased to £24,600. | ||
| 590 | _aWB | ||
| 650 | _aRATEABLE VALUE LIMITS | ||
| 650 | _aBLIGHT NOTICES | ||
| 650 | _aRATING REVALUATION 2000 | ||
| 650 | _aTOTAL EXTINGUISHMENT | ||
| 650 | _aLAND COMPENSATION ACT 1973 PART I | ||
| 650 | _aLOSS OF VALUE | ||
| 650 | _aDISTURBANCE COMPENSATION | ||
| 650 | _aPHYSICAL FACTORS | ||
| 690 | _aENVIRONMENTAL AND LAND CONSULTANCY-PLANNING AND DEVELOPMENT-COMPULSORY PURCHASE AND COMPENSATION | ||
| 942 | _n0 | ||
| 999 |
_c62924 _d62924 |
||